New - giáo trình tiếng Nhật năng động T.1

Cùng học tiếng Nhật một cách dễ dàng và thú vị; Tặng kèm theo sách

Na minha lista:
Detalhes bibliográficos
Autor principal: Oh Hyeon Jeong
Outros Autores: Hasuike Izumi
Formato: Livro
Idioma:Undetermined
Publicado em: H. Đại học Sư phạm Tp. Hồ Chí Minh 2018
Assuntos:
Acesso em linha:http://lrc.tdmu.edu.vn/opac/search/detail.asp?aID=2&ID=40085
Tags: Adicionar Tag
Sem tags, seja o primeiro a adicionar uma tag!
Thư viện lưu trữ: Trung tâm Học liệu Trường Đại học Thủ Dầu Một
LEADER 00939nam a2200241Ia 4500
001 TDMU_40085
008 210410s9999 xx 000 0 und d
082 |a 346.0821609597 
090 |b O427 
100 |a Oh Hyeon Jeong 
245 0 |a New - giáo trình tiếng Nhật năng động 
245 0 |c Oh Hyeon Jeong, Hasuike Izumi, Park Haeng Ja... ; Cao Lê Dung Chi, Nguyễn Thế Nam Phương (dịch) 
245 0 |n T.1 
245 0 |p Phần bài tập 
260 |a H. 
260 |b Đại học Sư phạm Tp. Hồ Chí Minh 
260 |c 2018 
300 |a 40tr. 
520 |a Cùng học tiếng Nhật một cách dễ dàng và thú vị; Tặng kèm theo sách 
650 |a Tiếng Nhật  |v Bài tập 
700 |a Hasuike Izumi 
856 |u http://lrc.tdmu.edu.vn/opac/search/detail.asp?aID=2&ID=40085 
980 |a Trung tâm Học liệu Trường Đại học Thủ Dầu Một